000 00748nam a2200241 i 4500
001 bg
100 1 _aKilarski, Wincenty Michał
_d(1931- ).
245 1 0 _aStrukturalne podstawy biologii komórki /
_cWincenty Kilarski.
250 _aWyd. 1, dodr.
260 _aWarszawa :
_bWydawnictwo Naukowe PWN,
_c2005.
300 _a379 s. :
_bfot. (w tym kolor.), rys. ;
_c24 cm.
504 _aBibliogr.
650 9 _aKomórka (biol.)
655 _aPodręczniki akademickie
020 _a8301140704
040 _cBPK
041 0 _apol
080 _a576(075.8)
920 _a83-01-14070-4
942 _cKS
008 s pl f |000 0 pol
999 _c52271
_d52271
856 _uhttp://koha.tu.koszalin.pl/cgi-bin/koha/opac-detail.pl?biblionumber=52271
_yKatalog online BPK